000 01061nam a2200289 a 4500
001 000029691
003 DO-SdBNP
005 20240912132842.0
008 110425s1980 dr ab 001 0 spa d
040 _aDO-SdBNP
_bspa
_cBNPHU
_erda
082 4 _a972.93
_bH519h, 1980
_222
100 1 _aHenríquez Vásquez, Francisco
_938858
245 1 _aHistoria social dominicana :
_bapuntes de cátedra /
_cFrancisco Henríquez Vásquez.
250 _aCuarta edición
264 1 _aSanto Domingo:
_bCosmos,
_c1980
300 _a202 páginas :
_bilustraciones, mapas ;
_c22 cm.
336 _2rdacontent
_atexto
_btxt
337 _2rdamedia
_asin mediación
_bn
338 _2rdacarrier
_avolumen
_bnc
504 _aBibliografía: p.203-205.
650 4 _aCiencias sociales e historia
_xEstudio y enseñanza
_938860
_2LEMB
650 7 _aHistoria social
_2LEMB
_978961
651 7 _aRepública Dominicana
_xHistoria
_9170
_2LEMB
651 7 _aRepública Dominicana
_938859
_2LEMB
_xCondiciones sociales
910 _aValidado. Control de la calidad EMS.
942 _2ddc
_cLBS1
999 _c29183
_d29183